000 00443nam a2200181Ia 4500
008 230524s9999 xx 000 0 und d
020 _a81203=09685
082 _a621.382
_bKUO
100 _aBenjamine C.Kuo
245 0 _aAutomatic Control Systems
250 _a7TH
260 _aNEW DELHI
_bJohn Wiley
_c2003
300 _aXIII;906
500 _aQuantity Number: 34
650 _aElectrical
700 _a Farid Golnaraghi
942 _cBK
999 _c4323
_d4323